Phytoplankton (Record no. 27073)

MARC details
000 -LEADER
fixed length control field 00286nam a2200121Ia 4500
082 ## - DEWEY DECIMAL CLASSIFICATION NUMBER
Classification number 582.26
Item number BON
100 ## - MAIN ENTRY--AUTHOR NAME
Personal name Boney, A D
245 #0 - TITLE STATEMENT
Title Phytoplankton
260 ## - PUBLICATION, DISTRIBUTION, ETC. (IMPRINT)
Place of publication London
Name of publisher Edward Arnold
Year of publication 1976
650 ## - SUBJECT ADDED ENTRY--TOPICAL TERM
Topical Term Phytoplankton
942 ## - ADDED ENTRY ELEMENTS (KOHA)
Koha item type Books
Holdings
Withdrawn status Lost status Damaged status Not for loan Home library Current library Date acquired Full call number Accession Number Koha item type
        RRII Library RRII Library 16/12/2021 582.26 BON 07704 Books